Lanean...

Sustainable Living with Environmental Risks

Xehetasun bibliografikoak
Egile nagusia: Kaneko
Argitaratua: Springer 2014
LEADER 00191 a2200085 4500
100 |a Kaneko 
245 |a Sustainable Living with Environmental Risks 
260 |c 2014  |b Springer 
942 |c BK  |6 _ 
999 |c 70533  |d 70533